00667nam a22002057a 450000500170000001000130001702000240003003500130005403700160006704000120008308200160009524500910011126000500020227000640025230000260031650000200034265000440036265000340040670000210044020170124110227.0 aB-167372 c1000.00a8180691842 aB-167372 bCen Lib/Ret aDPLbEN a328.54bHAN aHandbook on the working of ministry of parliament affairs /cedited by V.K. Agnihotri  aNew Delhi bConcept Publishing Company c2004 bNew Delhi aA/15-16, commercial block, mhan garden e110059 axvii, 570p.c21cm(Hb) aIncludes index  aMinistry of parliament affairs zIndia  aRules and practice vManuals  aAgnihotri, V.K.